Major effects of metabolic hormones on skeletal muscle - Statistics

General Stats
  • This quiz has been taken 4 times
  • The average score is 8 of 15
Answer Stats
Question Answer % Correct
Growth hormone ..... protein synthesis Increase
100%
Insulin ..... glucose uptake Increase
75%
Catecholamines ..... glycogenolysis Increase
75%
Cortisol ..... protein degradation Increase
75%
Triiodothyronine ..... lipid utilization Increase
75%
Insulin ..... protein degradation Decrease
50%
Cortisol ..... protein synthesis Decrease
50%
Growth hormone ..... insulin sensitivity Decrease
50%
Insulin ..... glycogen synthesis Increase
50%
Catecholamines ..... glycolysis Increase
50%
Triiodothyronine ..... glucose utilization Increase
50%
Cortisol ..... glucose utilization Decrease
25%
Cortisol ..... insulin sensitivity Decrease
25%
Growth hormone ..... glucose utilization Decrease
25%
Insulin ..... protein synthesis Increase
25%
No matching quizzes found
Score Distribution
Percent of People with Each Score
Percentile by Number Answered
Your Score History
You have not taken this quiz